| 000 | 00349cam a22001217a 4500 | ||
|---|---|---|---|
| 008 | 180718b1980 xxu||||| |||| 00| 0 eng d | ||
| 082 | _aP99 K179 | ||
| 100 | _aKawatra, P.S. | ||
| 245 |
_aFundamentals of documentation with special reference to India _cby P.S. Kawatra |
||
| 260 |
_aDelhi _bSterling _c1980 |
||
| 300 | _a108p. | ||
| 650 | _aDocumentation | ||
| 999 |
_c347451 _d347451 |
||